ბათუმის შოთა რუსთაველის სახელმწიფო უნივერსიტეტის ბიბლიოთეკა

აკა მორჩილაძის ''მადათოვის" ციკლის მოთხრობების დისკურსის თავისებურებანი / (ბიბ.ჩანაწერი № 57839)

000 -ლიდერი
ფიქსირებული სიგრძის საკონტროლო ველი 01571nam a22002177a 4500
003 - საკონტროლო ნომრის იდენტიფიკატორი
საკონტროლო ველი Ge_BSU
005 - ბოლო ოპერაციის თარიღი და დრო
საკონტროლო ველი 20221221134337.0
008 - ფიქსირებული სიგრძის მონაცემთა ელემენტები - ზოგადი ინფორმაცია
ფიქსირებული სიგრძის საკონტროლო ველი 210311s2021ge xxu||||| |||| 00| 0 geo d
041 ## - ენის კოდი
Language code of text/sound track or separate title geo
080 ## - უნივერსალური ათობითი კლასიფიკაციის ინდექსი
Universal Decimal Classification number 811.353.1 ც-51
100 ## - მთავარი ჩანაწერი - პიროვნების სახელი
Personal name ცეცხლაძე, თათია
9 (RLIN) 10407
245 ## - ცნობა სათაურის შესახებ
Title აკა მორჩილაძის ''მადათოვის" ციკლის მოთხრობების დისკურსის თავისებურებანი /
Statement of responsibility, etc თათია ცეცხლაძე; სამეცნიერო ხელმძღვანელი ნანა ცეცხლაძე; ბათუმის შოთა რუსთაველის სახელმწიფო უნივერსიტეტი .
264 ## - წარმოების, გამოცემის, დისტრიბუციის და სხვა ცნობები
გამოცემის, წარმოების, დისტრიბუციის... ადგილი ბათუმი,
გამოცემის, წარმოების, დისტრიბუციის... თარიღი 2021.
300 ## - ფიზიკური აღწერა
Extent 150 გვ.:
Dimensions 30სმ.
653 ## - INDEX TERM--UNCONTROLLED
Uncontrolled term აკა მორჩილაძის ,,მადათოვის" ციკლის მოთხრობების დისკურსის თავისებურებანი
653 ## - INDEX TERM--UNCONTROLLED
Uncontrolled term დისერტაცია
653 ## - INDEX TERM--UNCONTROLLED
Uncontrolled term ქართული ენა
700 ## - ADDED ENTRY--PERSONAL NAME
Personal name ცეცხლაძე, ნანა
Relator term სამეცნიერო ხელმძღვანელი
9 (RLIN) 10408
710 ## - ADDED ENTRY--CORPORATE NAME
Corporate name or jurisdiction name as entry element ბათუმის შოთა რუსთაველის სახელმწიფო უნივერსიტეტი
9 (RLIN) 10436
Subordinate unit ქართული ფილოლოგის დეპარტამენტი
942 ## - ADDED ENTRY ELEMENTS (KOHA)
Source of classification or shelving scheme
Koha item type დისერტაცია
ეგზემპლარები
ჩამოწერის სტატუსი დაკარგული ეგზემპლარის სტატუსი კლასიფიკაციის წყარო ან თაროზე გაწყობის სქემა დაზიანების სტატუსი არ გაიცემა მუდმივი მდებარეობა (დაცვის ადგილი) ამჟამინდელი ადგილსამყოფელი თაროზე განთავსების ადგილი შეძენის თარიღი სრული შენახვის შიფრი შტრიხკოდი ბოლო ოპერაციის თარიღი ეგზემპლარის მიმდევრობითი ნომერი (კეტერი?) ფასის ძალაში შესვლის თარიღი ეგზემპლარის სახეობა
          ბათუმის შოთა რუსთაველის სახელმწიფო უნივერსიტეტის მთავარი ბიბლიოთეკა ბათუმის შოთა რუსთაველის სახელმწიფო უნივერსიტეტის მთავარი ბიბლიოთეკა წიგნსაცავი 2021-03-11 811.353.1 ც-51 352 დისერტაცია 2021-03-11 352 დისერტაცია 2021-03-11 დისერტაცია